00422 2200157 4500001002100000008004100021035002000062245004200082100001400124260003600138020001700174084001600191082001000207650003400217990001300251INLIS000000000000523 ind  a0010-0120000523 aKisah Para Pahlawan BangsacRahimsyah aRahimsyah aSurabaya:bTerbit Terang,c2002 aNOISBN-00081 a923.5 RAH k a923.5 aSejarah Indonesia -- Pahlawan a11900035